[Event "GER-chT U14"]
[Site "Willingen"]
[Date "2021.06.27"]
[Round "7.3"]
[White "Kiefhaber, Julius"]
[Black "Beck, Felix"]
[Result "1-0"]
[WhiteElo "1465"]
[BlackElo "1526"]
[PlyCount "93"]
[EventDate "2021.06.23"]
[EventType "team-swiss"]
[EventRounds "7"]
[EventCountry "GER"]
[SourceTitle "EXT 2022"]
[Source "ChessBase"]
[SourceDate "2021.10.06"]
[SourceVersion "1"]
[SourceVersionDate "2021.10.06"]
[SourceQuality "1"]
[WhiteTeam "Karlsruhe SF"]
[BlackTeam "Berlin Nord Ost"]
[WhiteTeamCountry "GER"]
[BlackTeamCountry "GER"]

1. e4 c6 2. d4 d5 3. exd5 cxd5 4. Bd3 Nc6 5. c3 Nf6 6. h3 g6 7. Nf3 Bf5 8. Qe2 Bxd3 9. Qxd3 Bg7 10. Nbd2 e6 11. 0-0 0-0 12. Re1 Rc8 13. Ne5 Nxe5 14. dxe5 Nd7 15. Nf3 Qc7 16. Bf4 Nb6 17. Qd2 Nc4 18. Qc1 Rfd8 19. b3 Nb6 20. Bd2 Nd7 21. Be3 Nxe5 22. Nxe5 Bxe5 23. Bd4 Bf4 24. Qb2 e5 25. Be3 Qxc3 26. Qxc3 Rxc3 27. Bxa7 d4 28. g3 Bh6 29. Rxe5 d3 30. Rc5 Rc2 31. Rd1 Rd6 32. Rxd3 Rxc5 33. Rxd6 Ra5 34. Rd8+ Bf8 35. Be3 Kg7 36. Bd4+ Kg8 37. b4 Rxa2 38. Bc5 Ra4 39. Bxf8 f5 40. Bh6+ Kf7 41. Rd7+ Ke6 42. Rxb7 Ra1+ 43. Kg2 Rb1 44. Bf8 Kd5 45. Rxh7 Kc6 46. Rh6 Kb5 47. Rxg6 1-0

[Event "GER-chT U12"]
[Site "Magdeburg"]
[Date "2018.12.27"]
[Round "2.2"]
[White "Eull, Emil"]
[Black "Kiefhaber, Julius"]
[Result "1/2-1/2"]
[WhiteElo "1526"]
[BlackElo "1417"]
[PlyCount "45"]
[EventDate "2018.12.27"]
[EventType "team-swiss"]
[EventRounds "7"]
[EventCountry "GER"]
[SourceTitle "CBM 188 Extra"]
[Source "ChessBase"]
[SourceDate "2019.02.26"]
[SourceVersion "1"]
[SourceVersionDate "2019.02.26"]
[SourceQuality "1"]
[WhiteTeam "Neuberg"]
[BlackTeam "Karlsruhe SF"]
[WhiteTeamCountry "GER"]
[BlackTeamCountry "GER"]

1. e4 c5 2. Nf3 Nc6 3. d4 cxd4 4. Nxd4 g6 5. Nc3 Bg7 6. Be3 Nf6 7. f4 d5 8. e5 Nd7 9. Bb5 Nxd4 10. Qxd4 e6 11. 0-0-0 a6 12. Be2 b5 13. h4 Bb7 14. h5 Rc8 15. hxg6 fxg6 16. Bf2 Nc5 17. Qe3 Qc7 18. Qxc5 Qxc5 19. Bxc5 Rxc5 20. Bf3 Ke7 21. g3 h6 22. a4 d4 23. Ne4 1/2-1/2

[Event "GER-ch U25-B"]
[Site "Willingen"]
[Date "2017.06.06"]
[Round "4"]
[White "Kiefhaber, Julius"]
[Black "Butenandt, Albrecht"]
[Result "0-1"]
[WhiteElo "1187"]
[BlackElo "1031"]
[PlyCount "66"]
[EventDate "2017.06.04"]
[EventType "swiss"]
[EventRounds "9"]
[EventCountry "GER"]
[SourceTitle "CBM 178 Extra"]
[Source "ChessBase"]
[SourceDate "2017.06.22"]
[SourceVersion "1"]
[SourceVersionDate "2017.06.22"]
[SourceQuality "1"]

1. e4 c5 2. Nf3 d6 3. c3 Nf6 4. d3 g6 5. Be2 Bg7 6. Be3 0-0 7. 0-0 Nc6 8. Qc2 Ng4 9. h3 Nxe3 10. fxe3 d5 11. exd5 Qxd5 12. c4 Qd6 13. Nc3 Qg3 14. Ne4 Qc7 15. Rad1 Rd8 16. Nxc5 b6 17. Nb3 Qg3 18. Nfd4 Nxd4 19. Nxd4 Qxe3+ 20. Rf2 Rxd4 21. Qa4 Bf5 22. Bf3 Rad8 23. Be2 Bxd3 24. Bxd3 Rxd3 25. Rxd3 Qxd3 26. Qa3 Bd4 27. Qxa7 Qe3 28. Qc7 Qxf2+ 29. Kh2 Rd6 30. Qxe7 Re6 31. Qxe6 fxe6 32. h4 Be5+ 33. Kh3 Qg3# 0-1